| 000 | nam a22 7a 4500 | ||
|---|---|---|---|
| 999 |
_c15307 _d15307 |
||
| 005 | 20200818103555.0 | ||
| 008 | 200818b xxu||||| |||| 00| 0 eng d | ||
| 040 | _cWHJ | ||
| 082 | _aHF5679.U1 | ||
| 100 | _aUser Manual | ||
| 245 |
_aQuickbooks _baccounting |
||
| 260 |
_alondon _bItuit _c1997 |
||
| 300 | _a630,p. | ||
| 942 |
_2lcc _cOS _hHF5679.U1 |
||